Central Library OPAC University of Rajshahi

National income analysis / (Record no. 14031)

MARC details
000 -LEADER
fixed length control field 00919nam a2200277 a 4500
001 - CONTROL NUMBER
control field 14031
003 - CONTROL NUMBER IDENTIFIER
rucl marc code BD-RjUL
005 - DATE AND TIME OF LATEST TRANSACTION
control field 20211208235547.0
008 - FIXED-LENGTH DATA ELEMENTS--GENERAL INFORMATION
fixed length control field 140203t19701964njua 001 0 eng d
035 ## - SYSTEM CONTROL NUMBER
System control number (BD-RjUL)14083
040 ## - CATALOGING SOURCE
Original cataloging agency DLC
Transcribing agency YNG
Modifying agency SER
-- BD-RjUL
Language of cataloging eng
041 ## - LANGUAGE CODE
Language code of text/sound track or separate title eng
082 00 - DEWEY DECIMAL CLASSIFICATION NUMBER
Classification number 339.3
Author mark and year SCN 1970
Edition number 23
100 1# - MAIN ENTRY--PERSONAL NAME
Personal name Schultze, Charles L.
9 (RLIN) 13815
245 10 - TITLE STATEMENT
Title National income analysis /
Statement of responsibility, etc. by Charles L. Schultze
250 ## - EDITION STATEMENT
Edition statement 2d ed.
260 ## - PUBLICATION, DISTRIBUTION, ETC. (IMPRINT)
Place of publication, distribution, etc. Englewood Cliffs, N.J. :
Name of publisher, distributor, etc. Prentice-Hall,
Date of publication, distribution, etc. 1964 [1970].
300 ## - PHYSICAL DESCRIPTION
Pagination 149 p. :
Illustrations ill.;
Size 23 cm.
490 1# - SERIES STATEMENT
Series statement Foundations of modern economics series
504 ## - BIBLIOGRAPHY, ETC. NOTE
Bibliography, etc Includes Bibliography and index.
650 #0 - SUBJECT ADDED ENTRY--TOPICAL TERM
Topical term or geographic name as entry element Gross national product.
9 (RLIN) 43852
Topical term or geographic name as entry element Gross national product
Geographic subdivision United States.
9 (RLIN) 13817
Topical term or geographic name as entry element National income
Geographic subdivision United States
General subdivision Accounting.
9 (RLIN) 13818
830 #0 - SERIES ADDED ENTRY--UNIFORM TITLE
Uniform title Foundations of modern economics series.
942 ## - ADDED ENTRY ELEMENTS (KOHA)
Source of classification or shelving scheme Dewey Decimal Classification
Koha item type Books
Holdings
Lost status Source of classification or shelving scheme Damaged status Not for loan Collection code Permanent Location Current Location Shelving location Date acquired Source of acquisition Total Checkouts Full call number Date last seen Copy number Koha item type
  Dewey Decimal Classification     Non-fiction Central Library, University of Rajshahi Central Library, University of Rajshahi   22/02/1974 US Govt.   339.3 SCN 1970 03/02/2014 C-3 Books
  Dewey Decimal Classification     Non-fiction Central Library, University of Rajshahi Central Library, University of Rajshahi   22/02/1974 U. S. Govt.   339.3 SCN 1970 27/07/2016 C-2 Books
  Dewey Decimal Classification     Non-fiction Central Library, University of Rajshahi Central Library, University of Rajshahi   22/02/1974 U. S. Govt.   339.3 SCN 1970 27/07/2016 C-4 Books
  Dewey Decimal Classification     Non-fiction Central Library, University of Rajshahi Central Library, University of Rajshahi   22/02/1974 U. S. Govt.   339.3 SCN 1970 27/07/2016 C-5 Books
  Dewey Decimal Classification     Non-fiction Central Library, University of Rajshahi Central Library, University of Rajshahi   22/02/1974 U. S. Govt.   339.3 SCN 1970 27/07/2016 C-6 Books
  Dewey Decimal Classification     Non-fiction Central Library, University of Rajshahi Central Library, University of Rajshahi   22/02/1974 U. S. Govt.   339.3 SCN 1970 27/07/2016 C-7 Books
  Dewey Decimal Classification     Non-fiction Central Library, University of Rajshahi Central Library, University of Rajshahi   22/02/1974 U. S. Govt.   339.3 SCN 1970 27/07/2016 C-8 Books
  Dewey Decimal Classification     Non-fiction Central Library, University of Rajshahi Central Library, University of Rajshahi   22/02/1974 U. S. Govt.   339.3 SCN 1970 27/07/2016 C-9 Books
  Dewey Decimal Classification     Non-fiction Central Library, University of Rajshahi Central Library, University of Rajshahi   22/02/1974 U. S. Govt.   339.3 SCN 1970 27/07/2016 C-10 Books
  Dewey Decimal Classification   Not For Loan Non-fiction Central Library, University of Rajshahi Central Library, University of Rajshahi Reading Room 08/12/2021 U. S. Govt.   339.3 SCN 1970 08/05/2017 C-1 Books